Library of the University of Algiers 3
Ibrahim Sultan Cheibout
شعار جامعة الجزائر 3
مكتبة جامعة الجزائر 3
إبراهيم سلطان شيبوط

السلوك التنظيمي : (رقم التسجيلة. 42563)

تفاصيل مارك
000 -LEADER
fixed length control field 01426nam a2200217Ia 4500
003 - CONTROL NUMBER IDENTIFIER
control field Ost
005 - DATE AND TIME OF LATEST TRANSACTION
control field 20260507075045.0
008 - FIXED-LENGTH DATA ELEMENTS--GENERAL INFORMATION
fixed length control field 260507s9999||||xx |||||||||||||| ||und||
040 ## - CATALOGING SOURCE
Transcribing agency fsecg
041 ## - LANGUAGE CODE
Language code of text/sound track or separate title ara
100 ## - MAIN ENTRY--PERSONAL NAME
Personal name إدريس، ثابت عبد الرحمن
Relator term مؤلف
245 #0 - TITLE STATEMENT
Title السلوك التنظيمي :
Remainder of title نظريات ونماذج وتطبيق عملي لإدارة السلوك في المنظمة /
Statement of responsibility, etc. ثابت عبد الرحمن إدريس
260 ## - PUBLICATION, DISTRIBUTION, ETC.
Place of publication, distribution, etc. الإسكندرية:
Name of publisher, distributor, etc. الدار الجامعية,
Date of publication, distribution, etc. 2002
300 ## - PHYSICAL DESCRIPTION
Extent 683 صفحة؛
Other physical details إيضاحات ؛
Dimensions 24 سم
520 ## - SUMMARY, ETC.
Summary, etc. السلوك التنظيمي(مفاهيم)-بحوث السلوك التنظيمي(التعلم ،الإدراك،الإتجاهات،قياس الإتجاهات،الدافعية،المحددات الإجتماعية)_السلوك التنظيمي في التطبيق الإداري-ديناميكية الجماعة في المنظمات-سلوك المجموعات والصراع التنظيمي-الضغوط التنظيمية-القيادة والتأثير في الآخرين-إدارة العلاقات الشخصية والإتصالات-إتخاذ القرارات الجماعية
653 ## - INDEX TERM--UNCONTROLLED
Uncontrolled term السلوك
653 ## - INDEX TERM--UNCONTROLLED
Uncontrolled term تنظيم وإدارة
653 ## - INDEX TERM--UNCONTROLLED
Uncontrolled term علم النفس الإجتماعي
700 ## - ADDED ENTRY--PERSONAL NAME
Personal name محمد المرسى، جمال الدين
Relator term مؤلف ثانوي
942 ## - ADDED ENTRY ELEMENTS (KOHA)
Koha item type كتب
المقتنيات
Withdrawn status Lost status Source of classification or shelving scheme Damaged status Not for loan Home library Current library Date acquired Serial enumeration / chronology Inventory number Total checkouts Full call number Barcode Date last seen Price effective from Koha item type
    Dewey Decimal Classification   NOT LOAN / إعارة داخلية مكتبة كلية العلوم الإقتصادية والعلوم التجارية وعلوم التسيير مكتبة كلية العلوم الإقتصادية والعلوم التجارية وعلوم التسيير 07/05/2026 الطابق الأرضي 407/1   أ/407ن1 407/1 07/05/2026 07/05/2026 كتب
    Dewey Decimal Classification   Available مكتبة كلية العلوم الإقتصادية والعلوم التجارية وعلوم التسيير مكتبة كلية العلوم الإقتصادية والعلوم التجارية وعلوم التسيير 07/05/2026 الطابق الثاني 407/2   أ/407ن2 407/2 07/05/2026 07/05/2026 كتب

موارد الويب المفتوحة


© University of Algiers 3 All Rights Reserved
|
Implemented by LECHELAH Riad